Album Valparaíso panorámico
Zapisane w:
| 1. autor: | |
|---|---|
| Format: | Książka |
| Język: | hiszpański |
| Wydane: |
Valparaíso
Victoria
1900
|
| Hasła przedmiotowe: | |
| Etykiety: |
Dodaj etykietę
Nie ma etykietki, Dołącz pierwszą etykiete!
|
MARC
| LEADER | 00000cam a2200000 a 4500 | ||
|---|---|---|---|
| 001 | UCO4076 | ||
| 003 | CL-VaPUC | ||
| 008 | 000728e19000000CL |||||||||||||||||spa|d | ||
| 082 | 0 | 4 | |a 983.255 |b HER |2 21 |
| 100 | |a HERNANDEZ CORNEJO, ROBERTO |e author |9 438279 | ||
| 245 | 1 | 0 | |a Album Valparaíso panorámico |
| 300 | |a pág. irreg | ||
| 942 | |c BK | ||
| 945 | |d 20000728 00:00:00 |a crobeson | ||
| 260 | |a Valparaíso |b Victoria |c 1900 | ||
| 650 | 0 | |a Ciudades |9 265474 | |
| 650 | 0 | |a Historia |9 255047 | |
| 650 | 0 | |a Fotografías |9 268494 | |
| 651 | 7 | |a CHILE |2 CL-VaPUC |9 448209 | |
| 651 | 0 | |a Valparaíso, Chile |9 261144 | |
| 583 | |a last modification |c 20171226 04:45:37 |k Rodrigo Vera | ||
| 999 | |c 290161 |d 290159 | ||
| 952 | |0 0 |1 0 |4 0 |6 983_255000000000000_HER_1900 |7 0 |8 X |9 339432 |a BIBHIS |b BIBHIS |d 2019-11-20 |i 1203851 |l 1 |o 983.255 HER 1900 |p 1203851 |r 2024-01-30 |s 2023-12-06 |w 2019-11-20 |y BK_X |k HIS | ||
| 952 | |0 0 |1 0 |3 erd |4 0 |6 983_255000000000000_HER_1900 |7 0 |8 X |9 339433 |a FDOBUD |b FDOBUD |i 5445078 |o 983.255 HER 1900 |p 5445078 |r 2019-11-20 |w 2019-11-20 |y BK_X |z Catalogado en:20171230 |k BUD | ||